Sources of chinese tradition / (Record no. 201226)
[ view plain ]
| 000 -LEADER | |
|---|---|
| fixed length control field | 00807nam a2200241Ia 4500 |
| 005 - DATE AND TIME OF LATEST TRANSACTION | |
| control field | 20230929141303.0 |
| 008 - FIXED-LENGTH DATA ELEMENTS--GENERAL INFORMATION | |
| fixed length control field | 210716s1960 xx 000 0 und d |
| 020 ## - INTERNATIONAL STANDARD BOOK NUMBER | |
| International Standard Book Number | 0231086032 |
| 040 ## - CATALOGING SOURCE | |
| Transcribing agency | AIMIT LIBRARY |
| 041 ## - LANGUAGE CODE | |
| Language code of text/sound track or separate title | eng |
| 082 ## - DEWEY DECIMAL CLASSIFICATION NUMBER | |
| Classification number | 374.22 |
| Edition number | 1 |
| Item number | BARW |
| 100 ## - MAIN ENTRY--PERSONAL NAME | |
| Personal name | Bary, Wm Theodore de. |
| 9 (RLIN) | 135599 |
| 245 ## - TITLE STATEMENT | |
| Title | Sources of chinese tradition / |
| Statement of responsibility, etc. | By Wm. Theodore de Bary, Wing-tsit Chan and Chester Tan. |
| 250 ## - EDITION STATEMENT | |
| Edition statement | 1st ed. |
| 260 ## - PUBLICATION, DISTRIBUTION, ETC. | |
| Place of publication, distribution, etc. | New York : |
| Name of publisher, distributor, etc. | Columbia university press , |
| Date of publication, distribution, etc. | 1960. |
| 300 ## - PHYSICAL DESCRIPTION | |
| Extent | I-II V.(xxiii,578p.) |
| Other physical details | PB |
| Dimensions | 20.8 cm |
| 440 ## - SERIES STATEMENT/ADDED ENTRY--TITLE | |
| Volume/sequential designation | 1 |
| 500 ## - GENERAL NOTE | |
| General note | Contents: v.1-2.Source of chinese tradition/ by Wm. Theodore de Bary. |
| 650 ## - SUBJECT ADDED ENTRY--TOPICAL TERM | |
| Topical term or geographic name entry element | General Knowledge |
| 9 (RLIN) | 135600 |
| 700 ## - ADDED ENTRY--PERSONAL NAME | |
| Personal name | Chan, Wing -Tsit. |
| 9 (RLIN) | 135601 |
| 700 ## - ADDED ENTRY--PERSONAL NAME | |
| Personal name | Watson, Burton. |
| 9 (RLIN) | 135602 |
| 942 ## - ADDED ENTRY ELEMENTS (KOHA) | |
| Source of classification or shelving scheme | Dewey Decimal Classification |
| Koha item type | Book |
| Edition | 1st |
| Call number prefix | 374.22 BARW |
| Withdrawn status | Lost status | Source of classification or shelving scheme | Damaged status | Not for loan | Collection code | Home library | Current library | Date acquired | Inventory number | Total Checkouts | Full call number | Barcode | Date last seen | Price effective from | Koha item type |
|---|---|---|---|---|---|---|---|---|---|---|---|---|---|---|---|
| Dewey Decimal Classification | MBA | St Aloysius Institute of Management & Information Technology | St Aloysius Institute of Management & Information Technology | 06/12/2006 | Bill no:; Bill dt:1900-01-00 | 374.22 BARW | MBA03792 | 05/23/2026 | 07/16/2021 | Book | |||||
| Dewey Decimal Classification | MBA | St Aloysius Institute of Management & Information Technology | St Aloysius Institute of Management & Information Technology | 06/12/2006 | Bill no:; Bill dt:1900-01-00 | 374.22 BARW | MBA03793 | 05/23/2026 | 07/16/2021 | Book |